Рабочие процессы высокофорсированных транспортных турбопоршневых двигателей

Opis bibliograficzny
1. autor: Козлов С. И. Сергей Иванович
Streszczenie:В книге рассмотрены особенности организации рабочего процесса в дизеле при больших давлениях наддува и противодавлениях на выпуске. Разработаны и предложены к применению новые методы расчета индикаторных и эффективных параметров турбопоршневых двигателей на разных режимах их работы при различных системах воздухоснабжения и условиях эксплуатации. Рассмотрены возможные способы улучшения тяговых, тормозных и других эксплуатационных качеств этих двигателей. Книга предназначена для инженеров-исследователей, работающих в отрасли транспортного двигателестроения и энергетических передвижных установок большой мощности.
Język:rosyjski
Wydane: Москва, Газпром ВНИИГАЗ, 2019
Seria:Золотой фонд нефтегазовой науки
Hasła przedmiotowe:
Format: Książka
KOHA link:https://koha.lib.tpu.ru/cgi-bin/koha/opac-detail.pl?biblionumber=376791

MARC

LEADER 00000nam0a2200000 4500
001 376791
005 20231102012840.0
010 |a 9785897540976 
035 |a (RuTPU)RU\TPU\retro\34233 
090 |a 376791 
100 |a 20230112d2019 k y0rusy50 ca 
101 0 |a rus 
102 |a RU 
105 |a a z 001zy 
200 1 |a Рабочие процессы высокофорсированных транспортных турбопоршневых двигателей  |f С. И. Козлов 
210 |a Москва  |c Газпром ВНИИГАЗ  |d 2019 
215 |a 386 с.  |c ил. 
225 1 |a Золотой фонд нефтегазовой науки 
320 |a Библиогр.: с. 383-386 
320 |a Условные обозначения и сокращения: с. 10-12 
330 |a В книге рассмотрены особенности организации рабочего процесса в дизеле при больших давлениях наддува и противодавлениях на выпуске. Разработаны и предложены к применению новые методы расчета индикаторных и эффективных параметров турбопоршневых двигателей на разных режимах их работы при различных системах воздухоснабжения и условиях эксплуатации. Рассмотрены возможные способы улучшения тяговых, тормозных и других эксплуатационных качеств этих двигателей. Книга предназначена для инженеров-исследователей, работающих в отрасли транспортного двигателестроения и энергетических передвижных установок большой мощности. 
606 1 |a Турбопоршневые двигатели  |2 stltpush  |3 (RuTPU)RU\TPU\subj\62133  |9 79282 
610 1 |a транспортное двигателестроение 
610 1 |a термодинамический анализ 
610 1 |a математическое описание 
610 1 |a статические характеристики 
610 1 |a расчет 
610 1 |a параметры 
610 1 |a оптимизация 
610 1 |a тяговые характеристики 
610 1 |a эксплуатационные качества 
610 1 |a улучшение 
610 1 |a гусеничные транспортные машины 
610 1 |a движение 
610 1 |a средняя скорость 
610 1 |a проектирование 
610 1 |a расчетные исследования 
610 1 |a автоматизация 
675 |a 621.432  |v 4 
700 1 |a Козлов  |b С. И.  |g Сергей Иванович 
801 1 |a RU  |b 63413507  |c 20230112 
801 2 |a RU  |b 63413507  |c 20230324  |g RCR 
942 |c BK